| 000 | 00873nam a22001817a 4500 | ||
|---|---|---|---|
| 003 | IT-RoPau | ||
| 005 | 20220918175937.0 | ||
| 008 | 121221b xxu||||| |||| 00| 0 eng d | ||
| 040 | _cIT-RoPau | ||
| 100 |
_aAlberione James [Giacomo] _qFondatore Famiglia Paolina _996 |
||
| 245 |
_aThoughts by our Founder. _bThe very Rev. James Alberione, SSP Compiled and translated from the "Pauline Calendar" - 1959 |
||
| 250 | _aI | ||
| 260 |
_aCanfield,Ohio _bSSP _c1960 |
||
| 300 |
_a95 p. _c18 cm |
||
| 490 |
_aI _vI |
||
| 520 | _aPREFACE JANUARY FEBRUARY MARCH APRIL MAY JUNE JULY AUGUST SEPTEMBER OCTOBER NOVEMBER DECEMBER Appendix I - WALKING IN OUR WAY Appendix II - SPIRITUAL DIRECTION, by Alberione Appendix III - SPIRITUAL DIRECTION, from the proposed Catechism for the Universal Church Appendix IV - ORIENTATION CONCERNING NOVITIATE Topical Index | ||
| 942 |
_2ddc _cBK |
||
| 999 |
_c37702 _d37702 |
||